| 000 | 00715pam a2200229 a 4500 | ||
|---|---|---|---|
| 001 | 3840101 | ||
| 005 | 20180130052744.0 | ||
| 008 | 870430s1987 cou b 001 0 eng | ||
| 010 | _a 87012730 | ||
| 020 |
_a1555870120 (lib. bdg. : alk. paper) : _c$32.00 |
||
| 040 |
_aDLC _cDLC _dDLC |
||
| 041 | _aeng | ||
| 043 | _ad------ | ||
| 080 | _a338.90068 | ||
| 082 | 0 | 0 |
_a338.90068 HAG _219 |
| 100 | 1 | _a19 | |
| 101 | _aSHP | ||
| 245 | 1 | 0 |
_aOrganizational change as a development strategy : _cJerald Hage and Kurt Finsterbusch. |
| 504 | _aIncludes bibliographies and index. | ||
| 906 |
_a7 _bcbc _corignew _d1 _eocip _f19 _gy-gencatlg |
||
| 942 |
_2ddc _cBK |
||
| 999 |
_c41268 _d41268 |
||